African politics and society : basic issues and problems of government and development

Αποθηκεύτηκε σε:
Λεπτομέρειες βιβλιογραφικής εγγραφής
Κύριος συγγραφέας: Markovitz, Irving Leonard, 1934-
Μορφή: Βιβλίο
Γλώσσα:English
Δημοσίευση: New Yrok : Free Press, 1970.
Θέματα:
Ετικέτες: Προσθήκη ετικέτας
Δεν υπάρχουν, Καταχωρήστε ετικέτα πρώτοι!

MARC

LEADER 00000cam a2200000 a 4500
001 1/113234
008 170307s1970####nyu| ||| |||| ||eng||
040 |a GR-MyUa  |b gre  |c GR-MyUa  |e AACR2 
041 0 |a eng 
082 7 |a 320.96   |2 (23) 
100 1 |a Markovitz, Irving Leonard,   |d 1934- 
245 1 0 |a African politics and society :   |b basic issues and problems of government and development /   |c Irving Leonard Markovitz.  
260 |a New Yrok :   |b Free Press,   |c 1970.  
300 |a xvi, 485 σ. ;   |c 24 εκ.  
504 |a Περιλαμβάνει βιβλιογραφία.  
651 0 |a Africa, Sub-Saharan  |x Politics and government  |y 1960- 
651 0 |a Africa, Sub-Saharan  |x Economic policy. 
852 |a INST  |b LESVOS  |e 20170307  |h 320.96 MAR  |p 005100058790  |q 005100058790  |t BK  |y 0 
970 |a Τζαφέρη  |b Ευαγγελία  |z 07-03-2017